| 000 | 00898nam a2200289 i 4500 | ||
|---|---|---|---|
| 001 | 5713 | ||
| 003 | ES-MaACL | ||
| 005 | 20230906144653.0 | ||
| 007 | t| | ||
| 008 | 890424s1988 sp ||||1| spa d | ||
| 020 | _a84-7490-203-7 | ||
| 080 | _a9(4)"476-800" | ||
| 100 | 1 |
_aPalol, Pere de ( _d1923-2005) _9162288 |
|
| 245 | 1 | 4 |
_aLos Godos en el occidente europeo _b: ostrogodos y visigodos en los siglos V-VIII / _cPedro de Palol, Gisela Ripoll. |
| 250 | _a1a ed. | ||
| 260 |
_aMadrid : _bEncuentro, _c1988. |
||
| 300 |
_a371 p. : il. ; _c30 cm. |
||
| 490 | 1 | _aPueblos y culturas | |
| 500 | _aBibliografia. | ||
| 500 | _aIndices. | ||
| 650 | 1 | 4 |
_aGodos- _xHistoria. _913132 |
| 651 |
_aEuropa- _xHistoria- _y0476-1492. _9160435 |
||
| 700 | 1 |
_aRipoll, Gisela. _997425 |
|
| 830 | 0 |
_aPueblos y culturas _9177330 |
|
| 852 |
_aES-MaACL _jL-12560 _bR.116336 _z. - tela |
||
| 999 |
_c5713 _d5713 |
||